00313nam a2200121Ia 4500008004100000040001600041041001200057082001600069100001600085245003400101260003900135300001700174230917s9999||||xx |||||||||||||| ||und|| e39197aMAIN aEnglish a822.09 A92P aAvtar Singh 0aPerspectives on Western drama aNew DelhibHarman Publishingc1991 aviii, 276 p.